[Event "Wch Seniors"]
[Site "Bad Wildbad"]
[Date "1993.??.??"]
[Round "7"]
[White "Sarapu, Ortvin"]
[Black "Krogius, Nikolai V"]
[Result "0-1"]
[WhiteElo "2295"]
[BlackElo "2465"]

1.e4 c5 2.c3 Nf6 3.e5 Nd5 4.Nf3 Nc6 5.d4 cxd4 6.cxd4 d6 7.Nc3 dxe5 8.dxe5 Nxc3
9.Qxd8+ Nxd8 10.bxc3 Nc6 11.Bf4 e6 12.Bd3 Be7 13.Rb1 Rb8 14.O-O Bd7 15.Rfd1 h6
16.Nd4 Nxd4 17.cxd4 Bc6 18.Bb5 Kd7 19.Bxc6+ bxc6 20.Kf1 Rb6 21.Be3 Rhb8 22.Rxb6 axb6
23.Ke2 Ra8 24.Rd2 Ra3 25.Rc2 h5 26.Bc1 Ra4 27.Kd3 f5 28.f3 c5 29.dxc5 Bxc5
30.h3 Kc6 31.Ke2 Kd5 32.Be3 Bxe3 33.Kxe3 Kxe5 34.Rb2 h4 35.f4+ Kf6 36.Rxb6 Rxa2
37.Kf3 Ra3+ 38.Kf2 Ra4 39.Kf3 Re4 40.Rb8 g5 41.fxg5+ Kxg5 42.Rg8+ Kf6 43.Ra8 Rb4
44.Rh8 Ke5 45.Rh6 Ra4 46.Kf2 Kd5 47.Rh5 Rf4+ 48.Ke3 e5 49.Rh6 Ra4 50.Rh8 Ra2
51.Rd8+ Ke6 52.Re8+ Kf6 53.Rf8+ Kg6 54.Re8 Ra3+ 55.Kf2 e4 56.Rg8+ Kf6 57.Kg1 Ra2
58.Kf1 Rb2 59.Kg1 Ke5 60.Re8+ Kf4 61.Re7 Ke3 62.Rh7 f4 63.Rxh4 f3 64.gxf3 exf3
65.Rh8 Rb1+ 66.Kh2 f2 67.Re8+ Kd4 68.Rd8+ Ke5 69.Re8+ Kd6  0-1

[Event "Mitropa Cup"]
[Site "Bad Woerishofen"]
[Date "1993.??.??"]
[Round "?"]
[White "Van Mil, Johannes A J"]
[Black "Borgo, Giulio"]
[Result "1-0"]
[WhiteElo "2435"]
[BlackElo "2365"]

1.e4 c5 2.c3 Nf6 3.e5 Nd5 4.d4 cxd4 5.Nf3 e6 6.cxd4 d6 7.Bc4 Nb6 8.Bd3 Bd7
9.O-O Bc6 10.Re1 N8d7 11.Ng5 dxe5 12.Nxe6 fxe6 13.Qh5+ Ke7 14.dxe5 g6 15.Bxg6 hxg6
16.Qxh8 Kf7 17.Bh6 Bxh6 18.Qxh6 Qf8 19.Qh4 Nd5 20.Nd2 Kg7 21.Nf3 Qf4 22.Qh3 Nc5
23.Rad1 Rh8 24.Qg3 Ne4 25.Qxf4 Nxf4 26.Rd4 g5 27.Rexe4 Bxe4 28.Rxe4 Kg6 29.g3 Kf5
30.Re3 Nd5 31.Nd4+ Kg6 32.Re4 Rc8 33.Kg2 Rc4 34.Kf3 Nc7 35.h4 gxh4 36.Rxh4 Rc5
37.Re4 Kf7 38.Ke2 Nd5 39.a3 Ne7 40.Kd3 a6 41.Rf4+ Ke8 42.Rf8+  1-0

[Event "Balatonbereny op"]
[Site "Balatonbereny"]
[Date "1993.??.??"]
[Round "8"]
[White "Klinger, Josef"]
[Black "Gross, Stefan"]
[Result "1-0"]
[WhiteElo "2435"]
[BlackElo "2330"]

1.e4 c5 2.c3 Nf6 3.e5 Nd5 4.g3 d6 5.exd6 Qxd6 6.Bg2 Nc6 7.Ne2 e6 8.O-O Be7
9.Na3 O-O 10.d4 cxd4 11.Nb5 Qc5 12.Nbxd4 Bf6 13.Nb3 Qc4 14.Nf4 Nxf4 15.Bxf4 e5
16.Bd5 Qa4 17.Be3 Bh3 18.Re1 Rad8 19.Nc5 Qa5 20.Qf3 Bc8 21.Red1 Qc7 22.Ne4 Be7
23.h4 h6 24.b4 Kh8 25.Bb3 f5 26.Qh5 f4 27.Bc5 Bxc5 28.bxc5 fxg3 29.fxg3 Qe7
30.Nd6 Rd7 31.Rf1 Rxf1+ 32.Rxf1 Nd8 33.Nxc8 Qxc5+ 34.Rf2  1-0

[Event "Balatonbereny op"]
[Site "Balatonbereny"]
[Date "1993.??.??"]
[Round "9"]
[White "Berenyi, Gabor"]
[Black "Kopjonkin, Gennady"]
[Result "1-0"]
[WhiteElo "2230"]
[BlackElo "2390"]

1.e4 c5 2.c3 Nf6 3.e5 Nd5 4.d4 cxd4 5.Nf3 Nc6 6.Bc4 Nb6 7.Bb3 d5 8.exd6 Qxd6
9.O-O Be6 10.Bxe6 Qxe6 11.Nxd4 Nxd4 12.Qxd4 Rd8 13.Qh4 h5 14.Be3 Qg4 15.Qg3 Qxg3
16.hxg3 Nc4 17.Bxa7 e5 18.Na3 Bxa3 19.bxa3 Rh6 20.Bc5 Ra6 21.Rfe1 Rd5 22.Bb4 f6
23.Rad1 Rxd1 24.Rxd1 Nxa3 25.Rd5 Nc2 26.Rb5 b6 27.a4 Kf7 28.Kf1 Nxb4 29.Rxb4 Ke6
30.Ke2 Kd5 31.Kd3 Kc5 32.Rc4+ Kd6 33.Rb4 Kc6 34.Rc4+ Kb7 35.g4 hxg4 36.Rxg4 g5
37.Rb4 Ra8 38.Ke4 Kc6 39.Rc4+ Kd6 40.Kf5 Kd5 41.Rb4 Kc5 42.f3 Rf8 43.Rb5+ Kc6
44.c4 g4 45.fxg4 Rg8 46.a5 bxa5 47.Rxa5 Rg5+ 48.Kxf6 Rxg4 49.Ra2 Rxc4 50.Kxe5 Kd7
51.Re2 Rg4 52.Kf5 Rg3 53.Kf4 Rg8 54.g4 Rf8+ 55.Kg3 Rg8 56.Re4 Kd6 57.Kf4 Kd5
58.Re5+ Kd6 59.g5 Rf8+ 60.Rf5 Ke7 61.g6 Ra8 62.Kg5 Ra1 63.Kh6 Rg1 64.Kh7 Rh1+
65.Kg8 Rg1 66.g7 Rg2 67.Rf1 Ra2 68.Rh1 Rg2 69.Kh8  1-0

[Event "Barcelona"]
[Site "Barcelona"]
[Date "1993.??.??"]
[Round "9"]
[White "Mellado Trivino, Juan"]
[Black "Tukmakov, Vladimir B"]
[Result "1/2-1/2"]
[WhiteElo "2415"]
[BlackElo "2600"]

1.e4 c5 2.c3 Nf6 3.e5 Nd5 4.d4 cxd4 5.Qxd4 e6 6.Nf3 Nc6 7.Qe4 f5 8.Qe2 Qc7
9.g3 Nde7 10.Bf4 Ng6 11.Nbd2 Nxf4 12.gxf4 Ne7 13.O-O-O Nd5 14.Nc4 b5 15.Nd6+ Bxd6
16.exd6 Qxd6 17.Ne5 O-O 18.Rg1 Qe7 19.Bg2 Bb7 20.Qxb5 Bc6 21.Qc4 Rac8 22.Qd4 Rc7
23.Rd3 Nf6  1/2-1/2

[Event "JUG-chT2"]
[Site "Becici"]
[Date "1993.??.??"]
[Round "?"]
[White "Mitrovic, Petar"]
[Black "Pavlovic, Dragoljub"]
[Result "0-1"]
[WhiteElo "2355"]
[BlackElo "2370"]

1.e4 c5 2.c3 Nf6 3.e5 Nd5 4.d4 cxd4 5.Nf3 Nc6 6.Bc4 Nb6 7.Bb3 d5 8.exd6 Qxd6
9.O-O Be6 10.Na3 Bxb3 11.Qxb3 e6 12.Nb5 Qd7 13.Nbxd4 Nxd4 14.Nxd4 Be7 15.Rd1 O-O
16.Nf5 Qc7 17.Nxe7+ Qxe7 18.Rd3 Rfd8 19.Rg3 Kh8 20.Be3 Nd5 21.Bd4 e5 22.Re1 f6
23.c4 Nf4 24.Be3 Nd3 25.Rf1 Qb4 26.Qxb4 Nxb4 27.a3 Nd3 28.b4 f5 29.Rh3 f4
30.Bd2 Rac8 31.c5 b6 32.cxb6 axb6 33.b5 Rc2 34.Be1 e4 35.Rh5 g6 36.Rg5 Kg7
37.Bb4 h6 38.Rg4 g5 39.h4 Ne5 40.f3 Nxg4 41.fxg4 e3 42.Rb1 Rdd2  0-1

[Event "Belgrade Beopromet"]
[Site "Belgrade"]
[Date "1993.??.??"]
[Round "1"]
[White "Ostojic, Nikola"]
[Black "Vaulin, Alexander"]
[Result "1/2-1/2"]
[WhiteElo "2445"]
[BlackElo "2515"]

1.e4 c5 2.c3 Nf6 3.e5 Nd5 4.Nf3 e6 5.d4 cxd4 6.cxd4 d6 7.Bc4 Nc6 8.O-O Be7
9.Qe2 O-O 10.Qe4 Qb6 11.exd6 Bxd6 12.Nc3 Nf6 13.Qh4 Ne7 14.Ne4 Nxe4 15.Qxe4 Bd7
16.Bd3 Nf5 17.d5 exd5 18.Qxd5  1/2-1/2

[Event "Berliner Sommer"]
[Site "Berlin"]
[Date "1993.??.??"]
[Round "2"]
[White "Darnstaedt, Frank"]
[Black "Aseev, Konstantin N"]
[Result "1/2-1/2"]
[WhiteElo "2360"]
[BlackElo "2490"]

1.e4 c5 2.c3 Nf6 3.e5 Nd5 4.d4 cxd4 5.Nf3 Nc6 6.Bc4 Nb6 7.Bb3 d5 8.exd6 Qxd6
9.Na3 a6 10.O-O e6 11.cxd4 Be7 12.Be3 O-O 13.Ne5 Bd8 14.Nac4 Nxc4 15.Nxc4 Qd7
16.Ne5 Nxe5 17.dxe5 Qb5 18.Qd6 Bd7 19.Bc2 g6 20.Be4 Bc6 21.Bxc6 bxc6 22.b3 Ba5
23.Rac1 Bb4 24.a4 Qa5 25.Bc5 Bxc5 26.Qxc5 Qxc5 27.Rxc5 Rfb8 28.Rb1  1/2-1/2

[Event "Bled op"]
[Site "Bled"]
[Date "1993.??.??"]
[Round "?"]
[White "Sermek, Drazen"]
[Black "Kozul, Zdenko"]
[Result "1-0"]
[WhiteElo "2495"]
[BlackElo "2550"]

1.e4 c5 2.c3 Nf6 3.e5 Nd5 4.d4 cxd4 5.Nf3 d6 6.cxd4 Nc6 7.Bc4 e6 8.O-O Be7
9.Qe2 O-O 10.Qe4 Qc7 11.Bd3 g6 12.Bh6 Rd8 13.Nbd2 dxe5 14.dxe5 Bd7 15.a3 Be8
16.Rfe1 Nb6 17.Bb1 Qd7 18.Qf4 Nd4 19.Bg5 Qa4 20.b4 Nxf3+ 21.Nxf3 Bxg5 22.Nxg5 Rd1
23.Be4 Rad8 24.Bf3 Rxe1+ 25.Rxe1 Qxa3 26.Qh4 h5 27.Ne4 Rc8 28.Nf6+ Kf8 29.Qf4 Rc3
30.Qh6+ Ke7 31.Qg5 Kf8 32.Bxb7 Nd7 33.Qh6+ Ke7 34.Qh8 Nxf6 35.exf6+ Kd8 36.Qf8 Kc7
37.Qxe8 Rc1 38.Qc8+  1-0

[Event "Bled op"]
[Site "Bled"]
[Date "1993.??.??"]
[Round "?"]
[White "Basagic, Zlatko"]
[Black "Kozul, Zdenko"]
[Result "1/2-1/2"]
[WhiteElo "2410"]
[BlackElo "2550"]

1.e4 c5 2.c3 Nf6 3.e5 Nd5 4.d4 cxd4 5.Bc4 e6 6.cxd4 d6 7.Nf3 Nc6 8.O-O Be7
9.Nbd2 dxe5 10.dxe5 Qc7 11.Qe2 O-O 12.Nb3 Rd8 13.Bd2 Bd7 14.Rac1 Be8 15.Bd3 g6
16.Ba5 b6 17.Bd2 a5 18.Nbd4 Nxd4 19.Nxd4 Qb8 20.Nf3 Ra7 21.h4 Nb4 22.Bb1 Rd5
23.Qc4 Qd8 24.Qf4 Nd3 25.Bxd3 Rxd3 26.Be3 Rd5 27.a3 Rad7 28.Kh2 b5 29.Rc2 Qb8
30.Rfc1 Rd8 31.Bc5 Bxc5 32.Rxc5 b4 33.Rxd5 Rxd5 34.axb4 Qxb4 35.Qxb4 axb4
36.Rc8 Kf8 37.Rb8 Rd3 38.Rxb4 Bc6 39.Ng5 Kg7 40.Rc4 Bd7 41.Rc7 Rd4 42.Nf3 Rd5
43.Kg3 h6 44.Kf4 Bb5 45.Rc2 Bf1 46.Kg3 Rb5 47.Nh2 Bd3 48.Rd2 Bf5 49.f4 Rb3+
50.Kf2 g5 51.hxg5 hxg5 52.fxg5 Kg6 53.Nf3 Rb5 54.Kg3 Be4 55.Kf4 Bxf3 56.gxf3 Rb4+
57.Ke3 Kxg5 58.Kd3 Kf4 59.Kc3 Rb7 60.b4 Kxe5 61.Rd3 Kf4 62.Kc4 e5 63.b5 f5
64.Kc5 Rb8 65.b6 e4 66.fxe4 fxe4 67.Rd7  1/2-1/2

[Event "Bojnice"]
[Site "Bojnice"]
[Date "1993.??.??"]
[Round "?"]
[White "David, Pavel"]
[Black "Hanko, Pavel"]
[Result "1-0"]
[WhiteElo "2415"]
[BlackElo "2225"]

1.e4 c5 2.c3 Nf6 3.e5 Nd5 4.d4 e6 5.Nf3 d6 6.Bc4 cxd4 7.cxd4 Be7 8.O-O O-O
9.exd6 Qxd6 10.Nc3 Nxc3 11.bxc3 b6 12.Ne5 Ba6 13.Bxa6 Nxa6 14.Bf4 Qd5 15.Re1 Rfd8
16.Qg4 Rac8 17.Re3 Nc7 18.Rh3 Qe4 19.Qh5 Qf5 20.Qxf5 exf5 21.Nc6 Rd7 22.Nxa7 Ra8
23.Bxc7 Rxc7 24.Nb5 Rc4 25.Re3 Bf8 26.Re2 g6 27.Kf1 Ra5 28.Rb1 Rca4 29.Rbb2 Rc4
30.Rec2 Bh6 31.Ke2 Bf4 32.Kd3 Rc8 33.h3 Re8 34.g3 Bb8 35.Re2 Rc8 36.Re7 f4
37.g4 Kf8 38.Rb7 Ra6 39.Re2 f3 40.Ree7 Ra5 41.Rxf7+ Kg8 42.Rg7+ Kh8 43.Rxh7+ Kg8
44.Rbg7+ Kf8 45.Rxg6  1-0

[Event "Bratislava Slovan op"]
[Site "Bratislava"]
[Date "1993.??.??"]
[Round "6"]
[White "Novak, Ivan"]
[Black "Banas, Jan"]
[Result "0-1"]
[WhiteElo "2280"]
[BlackElo "2370"]

1.e4 c5 2.c3 Nf6 3.e5 Nd5 4.Nf3 e6 5.Bc4 d6 6.O-O Nb6 7.Bb3 c4 8.Bc2 Nc6
9.Re1 Qc7 10.exd6 Bxd6 11.b3 Bd7 12.Na3 Ne7 13.bxc4 Nxc4 14.Nxc4 Qxc4 15.Ne5 Bxe5
16.Rxe5 Ng6 17.Re4 Qc7 18.Rb1 Bc6 19.Rc4 O-O 20.d4 Qd6 21.Rc5 e5 22.Qd3 Rfe8
23.Be3 Rad8 24.Qf5 exd4 25.cxd4 Bxg2 26.Bg5 f6 27.Kxg2 fxg5 28.Qxg5 Qxd4
29.Bxg6 hxg6 30.Rbc1 Rf8 31.R5c2 Qe4+ 32.Kg1 Rd5 33.Qg3 Rf3 34.Rc8+ Kh7 35.Qb8 Rg5+
36.Kf1  0-1

[Event "Wch U18"]
[Site "Bratislava"]
[Date "1993.??.??"]
[Round "7"]
[White "Finkel, Alexander"]
[Black "Kacheishvili, Giorgi"]
[Result "1/2-1/2"]
[WhiteElo "2295"]
[BlackElo "2395"]

1.e4 c5 2.c3 Nf6 3.e5 Nd5 4.d4 cxd4 5.Qxd4 e6 6.Nf3 Nc6 7.Qe4 d6 8.Nbd2 dxe5
9.Nxe5 Nxe5 10.Qxe5 Qd6 11.Bb5+ Bd7 12.Bxd7+ Qxd7 13.Ne4 O-O-O 14.O-O f6
15.Qd4 Nb6 16.Qe3 Qd3 17.b3 e5 18.c4 Rd4 19.Qxd3 Rxd3 20.Be3 Be7 21.Rac1 Bb4
22.Rfd1 Rhd8 23.Rxd3 Rxd3 24.Kf1 f5 25.Ng5 h6 26.Nf7 Bc3 27.c5 Nd5 28.Nd6+ Kd7
29.Nxf5 e4 30.Ke2 Nxe3 31.Nxe3 Rd2+ 32.Kf1 Bd4 33.a4 a5 34.Rc4 Kc6 35.b4 Bxe3
36.fxe3 Kd5 37.c6 bxc6 38.Rc5+ Kd6 39.Rxa5 Rb2 40.b5 cxb5 41.axb5 g5 42.Ra6+ Ke5
43.Rxh6 Rxb5 44.Ra6 Rb2 45.Ra5+ Kf6 46.Rd5 Ra2 47.Rd1 Kf5 48.Rd5+ Kf6 49.h3 Rb2
50.Rd8 Ra2 51.Re8 Kf5 52.g4+ Kf6 53.Rxe4 Rh2 54.Re8 Rxh3 55.Kg2 Rh4 56.Kg3 Rh1
57.Rf8+ Kg6 58.Rf2 Rg1+ 59.Kf3 Kf6 60.Ra2 Ke6 61.Ra5 Kf6 62.Rf5+ Kg6 63.e4 Rf1+
64.Kg2 Re1 65.Re5 Kf6 66.Re8 Ra1  1/2-1/2

[Event "Bratislava op"]
[Site "Bratislava"]
[Date "1993.??.??"]
[Round "8"]
[White "Filipovic, Branko"]
[Black "Sorokin, Maxim"]
[Result "1/2-1/2"]
[WhiteElo "2400"]
[BlackElo "2515"]

1.e4 c5 2.c3 Nf6 3.e5 Nd5 4.d4 cxd4 5.Nf3 Nc6 6.Bc4 Nb6 7.Bb3 d5 8.exd6 Qxd6
9.Na3 a6 10.O-O e6 11.cxd4 Be7 12.Nb1 O-O 13.Nc3 Nd5 14.Ne4 Qc7 15.Be3 Bd7
16.Rc1 Rad8 17.Ne5 Qb8 18.Nxd7 Rxd7 19.Qf3 Nf6 20.Rfd1 Rfd8 21.Nxf6+ Bxf6
22.d5 exd5 23.Bb6 Re8 24.Qf5 Rd6 25.Bc5 Rde6 26.Bxd5 Bxb2 27.Rb1 Ne7 28.Bxe7 R6xe7
29.g3 Bf6 30.a4 Rd8 31.Be4 Rxd1+ 32.Rxd1 Kf8 33.Qxh7 g6 34.Qh6+ Bg7 35.Qg5 b5
36.axb5 axb5 37.Qc5 Bf6 38.Rb1 Qe5 39.Qxe5 Rxe5 40.Bd3 Rd5 41.Bxb5 Rd2 42.Re1 Bd4
43.Re8+ Kg7 44.Be2 Rc2 45.Kg2 Rc3 46.Rd8 Rc2 47.Re8 Rc3 48.g4 g5 49.Rd8 Be5
50.Bd3 Ra3 51.h3 Ra4 52.Rd5 Bf6 53.Rf5 Rf4 54.Rb5 Rd4 55.Bc2 Rc4 56.Bb3 Re4
57.Kf3 Rf4+ 58.Kg3 Re4 59.Bc2 Rc4  1/2-1/2

[Event "Wch U16"]
[Site "Bratislava"]
[Date "1993.??.??"]
[Round "10"]
[White "Tzoumbas, Anastasios"]
[Black "Krakops, Maris"]
[Result "0-1"]
[WhiteElo "2215"]
[BlackElo "2295"]

1.e4 c5 2.c3 Nf6 3.e5 Nd5 4.d4 cxd4 5.Nf3 Nc6 6.Bc4 Nb6 7.Bb3 d6 8.exd6 Qxd6
9.Na3 a6 10.O-O e6 11.Nxd4 Nxd4 12.cxd4 Be7 13.Qf3 O-O 14.Rd1 Qd8 15.Nc2 a5
16.Ne3 Qc7 17.Bd2 Bd7 18.Rac1 Bc6 19.Qh3 Qd7 20.Ng4 Ba4 21.Bxa4 Qxa4 22.b3 Qxa2
23.Nh6+ gxh6 24.Bxh6 Kh8 25.Bxf8 Rxf8 26.Qd3 Nd5 27.Ra1 Qb2 28.Rxa5 Rc8 29.Qf3 Qc3
30.Qxc3 Nxc3 31.Rd3 Nd5 32.Ra1 Bf6 33.g3 Rc2 34.Ra7 Rc7 35.Kg2 Kg7 36.Kf3 Nb4
37.Rd2 Nc6 38.Ra4 b5 39.Ra3 Nxd4+ 40.Ke4 b4 41.Ra8 Nxb3 42.Rd1 Rc3 43.Rb8 Nc5+
44.Kf4 Nd3+  0-1

[Event "Budapest FS09 IM-B"]
[Site "Budapest"]
[Date "1993.??.??"]
[Round "?"]
[White "Henris, Luc"]
[Black "Zak, Uriel"]
[Result "1/2-1/2"]
[WhiteElo "2270"]
[BlackElo "2285"]

1.e4 c5 2.c3 Nf6 3.e5 Nd5 4.d4 cxd4 5.Qxd4 e6 6.Nf3 Nc6 7.Qe4 b6 8.Bd3 Bb7
9.O-O Qc7 10.Re1 f6 11.exf6 Nxf6 12.Qh4 Bd6 13.Nbd2 Ne5 14.Nxe5 Bxe5 15.Ne4 Nxe4
16.Bxe4 Bxe4 17.Rxe4 O-O 18.Be3 Rac8 19.Bd4 Bxd4 20.Rxd4 Rf7  1/2-1/2

[Event "Budapest FS07 IM-A"]
[Site "Budapest"]
[Date "1993.??.??"]
[Round "1"]
[White "Jeric, Simon"]
[Black "Volkmann, Friedrich"]
[Result "1/2-1/2"]
[WhiteElo "2365"]
[BlackElo "2320"]

1.e4 c5 2.c3 Nf6 3.e5 Nd5 4.d4 cxd4 5.Nf3 Nc6 6.Bc4 Nb6 7.Bb3 d6 8.exd6 Qxd6
9.Na3 dxc3 10.Qe2 cxb2 11.Bxb2 Qb4+ 12.Kf1 Bg4 13.Rd1 Rd8 14.Rxd8+ Nxd8 15.Nb5 a6
16.Nc7+ Kd7 17.Nxa6 Bxf3 18.Nxb4 Bxe2+ 19.Kxe2 f6 20.Rd1+ Kc8 21.f4 e5 22.Nd3 Bd6
23.fxe5 fxe5 24.Nf2 Kc7 25.Ne4 Nc8 26.Rxd6 Nxd6 27.Bxe5 Re8 28.Bxd6+ Kc6
29.Kf3 Rxe4 30.Kxe4 Kxd6 31.Kf5 Nc6 32.Kg5 Ne7 33.Bc2 h6+ 34.Kf4 Nd5+ 35.Kf3 Ke5
36.Bb3 b5 37.g3 b4 38.h4 Nf6 39.Ke3 g5 40.hxg5 hxg5 41.Kd3 Ne4 42.Kc4 Nxg3
43.Kxb4 Kd6 44.Bd1 Nf5 45.Bf3 Ne3 46.a4 g4 47.Be4 g3 48.Kb5 g2 49.Bxg2 Nxg2
50.Kb6 Ne3 51.a5 Nc4+ 52.Kb5 Nxa5  1/2-1/2

[Event "Budapest FS08 GM"]
[Site "Budapest"]
[Date "1993.??.??"]
[Round "1"]
[White "Jeric, Simon"]
[Black "Ruck, Robert"]
[Result "1/2-1/2"]
[WhiteElo "2365"]
[BlackElo "2415"]

1.e4 c5 2.c3 Nf6 3.e5 Nd5 4.d4 cxd4 5.Nf3 e6 6.cxd4 d6 7.Bc4 Nb6 8.Bd3 Bd7
9.O-O Bc6 10.Nc3 Be7 11.Bf4 Nd5 12.Bg3 Nxc3 13.bxc3 Qc7 14.exd6 Bxd6 15.Bxd6 Qxd6
16.Ne5 Nd7 17.Nxc6 Qxc6 18.Qb1 Rc8 19.Rc1 Qb6 20.Qc2 Qd6 21.a4 g6 22.Be4 Rc7
23.Rab1 b6 24.a5 O-O 25.axb6 Nxb6 26.Bd3 e5 27.dxe5 Qxe5 28.Ba6 Rd8 29.g3 Qa5
30.Ra1 Qc5 31.Bf1 Rd6 32.Qa2 Rcd7 33.Qa5 Rd5 34.Qxc5 Rxc5 35.Ra3 Rdc7 36.c4 a5
37.Rca1 a4 38.Kg2 Rd7 39.Re1 Rd2 40.Re8+ Kg7 41.Rb8 Nxc4 42.Rxa4 Ne3+ 43.Kg1 Nxf1
44.Kxf1 Rf5 45.Rf4 Rxf4 46.gxf4 Rd4 47.f5 g5 48.Rb5 Rf4 49.Kg2 Kf6 50.Kg3 h5
51.h3 h4+ 52.Kg2 Rxf5 53.Rb6+ Kg7 54.Ra6 Rf4 55.Rb6 f6 56.Rb5 Kg6 57.Ra5 Re4
58.Rb5 Rd4 59.Ra5 Kf7 60.Ra6 Ke7 61.Kf3 Rd6 62.Ra4 f5 63.Ra8 Rd3+ 64.Kg2 Kf6
65.Rg8 Rd7 66.Kf3 Rd3+ 67.Kg2 Rc3 68.Kh2 Rc7 69.Kg2 Rg7 70.Re8 Rh7 71.Rg8 Rg7
72.Re8 g4 73.hxg4 fxg4 74.Rh8 Kg5 75.f3 g3 76.Kh3 Kf4 77.Kg2 Kg5 78.Kh3 Rf7  1/2-1/2

[Event "Budapest FS07 IM-B"]
[Site "Budapest"]
[Date "1993.??.??"]
[Round "2"]
[White "Werner, Patrick"]
[Black "Szilardfy, Gyula"]
[Result "1-0"]
[WhiteElo "2335"]
[BlackElo "2290"]

1.e4 c5 2.c3 Nf6 3.e5 Nd5 4.d4 cxd4 5.Qxd4 e6 6.Nf3 Nc6 7.Qe4 d6 8.Nbd2 dxe5
9.Nxe5 Nf6 10.Qa4 Bd7 11.Nxd7 Qxd7 12.Nf3 Bd6 13.Be2 O-O 14.O-O e5 15.Bg5 Nd4
16.Qd1 Nxe2+ 17.Qxe2 Qf5 18.Bxf6 Qxf6 19.Rad1 Rae8 20.Qe4 Re6 21.Nd2 Qe7
22.Nc4 f5 23.Qd5 Bb8 24.g3 Kh8 25.f3 h5 26.Ne3 a6 27.Ng2 Rd6 28.Qc4 f4 29.Qe4 Ba7+
30.Kh1 Rxd1 31.Rxd1 Rd8 32.Re1 Bf2 33.Nxf4 Qg5 34.Qxe5 Qxe5 35.Rxe5  1-0

[Event "Budapest Statistika"]
[Site "Budapest"]
[Date "1993.??.??"]
[Round "4"]
[White "Palkovi, Jozsef"]
[Black "Schneider, Attila"]
[Result "1/2-1/2"]
[WhiteElo "2405"]
[BlackElo "2355"]

1.e4 c5 2.c3 Nf6 3.e5 Nd5 4.d4 cxd4 5.cxd4 d6 6.Nf3 Nc6 7.Bc4 Nb6 8.Bb5 dxe5
9.Nxe5 Bd7 10.Nc3 Nxe5 11.dxe5 Bxb5 12.Nxb5 Qxd1+ 13.Kxd1 Nd5 14.e6 g6 15.Bd2 Bg7  1/2-1/2

[Event "Budapest FS12 IM-A"]
[Site "Budapest"]
[Date "1993.??.??"]
[Round "5"]
[White "Acs, Peter"]
[Black "Chachere, Lawrence"]
[Result "0-1"]
[WhiteElo "2245"]
[BlackElo "2250"]

1.e4 c5 2.c3 Nf6 3.e5 Nd5 4.d4 cxd4 5.Nf3 Nc6 6.Bc4 Nb6 7.Bb3 d5 8.exd6 dxc3
9.O-O exd6 10.Ng5 cxb2 11.Qh5 g6 12.Qe2+ Be7 13.Bxb2 O-O 14.f4 d5 15.Nf3 Bg4
16.Nbd2 Bf6 17.Be5 Qe7 18.Rae1 Bxe5 19.fxe5 Nd4 20.Qd3 Ne6 21.Kh1 Bf5 22.Qe2 Rac8
23.h3 Nf4 24.Qe3 Nd3 25.Rd1 Nb2 26.Rc1 N2c4 27.Bxc4 dxc4 28.Qh6 f6 29.Rfe1 fxe5
30.Nxe5 Rfe8 31.Ndf3 Qg7 32.Qf4 c3 33.g4 Be6 34.Qd4 Bd5 35.Kg1 Bxf3 36.Nxf3 Rxe1+
37.Rxe1 Qxd4+  0-1

[Event "Spring op"]
[Site "Budapest"]
[Date "1993.??.??"]
[Round "7"]
[White "Galyas, Miklos"]
[Black "Sziebert, Adam"]
[Result "1/2-1/2"]
[WhiteElo "2205"]
[BlackElo "2335"]

1.e4 c5 2.c3 Nf6 3.e5 Nd5 4.d4 cxd4 5.Nf3 Nc6 6.cxd4 d6 7.Bc4 Nb6 8.Bb5 dxe5
9.Nxe5 Qd5 10.Bxc6+ bxc6 11.O-O g6 12.Nc3 Qe6 13.Qf3 Bg7 14.Re1 O-O 15.Bg5 f6
16.Nxg6 fxg5 17.Nxf8 Qf7 18.Qxf7+ Kxf7 19.Nxh7 Kg6 20.Nxg5 Kxg5 21.Rxe7 Bxd4
22.Rd1 c5 23.Ne4+ Kg6 24.Rd3 Bf5 25.Rg3+ Kh6 26.Nd6 Bc2 27.Nf7+ Kh7 28.Re6 Bg7
29.Rh3+ Kg8 30.Nh6+ Bxh6 31.Rexh6 Kg7 32.Rc6 c4 33.Ra3 Be4 34.Rc7+ Kf6 35.Raxa7 Rd8
36.f3 Ba8 37.Ra6 Rd1+ 38.Kf2 Rd2+ 39.Kg3 Rxb2 40.a4 Ke5 41.a5 Nd5 42.Rxc4 Bb7
43.Ra7 Ne3 44.a6 Nxc4 45.Rxb7 Ra2 46.a7 Nd6 47.Rh7 Ke6 48.h4 Nf7 49.h5 Kf6
50.Kh4 Rxa7 51.g4 Ra4 52.Kg3 Ra3 53.Kf4 Rxf3+  1/2-1/2

[Event "Budapest FS11 IM-B"]
[Site "Budapest"]
[Date "1993.??.??"]
[Round "8"]
[White "Palkovi, Jozsef"]
[Black "Farago, Sandor"]
[Result "1/2-1/2"]
[WhiteElo "2425"]
[BlackElo "2375"]

1.e4 c5 2.c3 Nf6 3.e5 Nd5 4.d4 cxd4 5.cxd4 e6 6.Nc3 Bb4 7.Bd2 Nc6 8.Qg4 O-O
9.a3 f5 10.Qd1 Nxc3 11.bxc3 Be7 12.Nf3 d5 13.exd6 Qxd6 14.Bc4 Kh8 15.O-O e5
16.dxe5 Nxe5 17.Nxe5 Qxe5 18.Re1 Qc7 19.Bd5 Bd6 20.h3 f4 21.Qf3 Rb8 22.c4 b6
23.Bc3 Bf5 24.a4 Rbe8 25.Re2 Rxe2 26.Qxe2 Bg6 27.Re1 Qd7 28.Qb2 Re8 29.Rxe8+ Bxe8
30.a5 bxa5 31.Bxa5 h6 32.Qd4 Qe7 33.Bc3 Bg6 34.h4 Kh7 35.Bf3 h5 36.Qd5 Bb4
37.Bd4 Qxh4 38.Bxa7 Qe7 39.Bd4 h4 40.c5 Ba5 41.Qe5 Qc7 42.Bd5 Kh6 43.Kh1 Qxe5
44.Bxe5 Kg5 45.c6 Bf5 46.c7 Bc8 47.Be4 Kg4 48.Kh2 Bb6 49.f3+ Kg5 50.Bd6 g6
51.Be7+ Kh5 52.Bd6  1/2-1/2

[Event "Budapest FS08 GM"]
[Site "Budapest"]
[Date "1993.??.??"]
[Round "8"]
[White "Jeric, Simon"]
[Black "Farago, Sandor"]
[Result "0-1"]
[WhiteElo "2365"]
[BlackElo "2375"]

1.e4 c5 2.c3 Nf6 3.e5 Nd5 4.d4 cxd4 5.Nf3 e6 6.cxd4 Be7 7.Bd3 b6 8.O-O Ba6
9.Bxa6 Nxa6 10.Nbd2 f5 11.exf6 Nxf6 12.Nc4 Nb4 13.Bg5 O-O 14.Ne3 Nfd5 15.Bxe7 Nxe7
16.Ne5 d6 17.Nd3 Nbd5 18.Qg4 Rf6 19.Rfe1 Qd7 20.Nxd5 Nxd5 21.Re4 Raf8 22.Rae1 Rg6
23.Qe2 Rff6 24.f4 Qf7 25.Rf1 h5 26.Rf3 Rf5 27.g3 h4 28.Kg2 hxg3 29.hxg3 Rh5
30.Nf2 Qf5 31.Kf1 Rh2 32.Qd3 Nb4 33.Qe2 Nxa2 34.Ra3 d5 35.Re5 Qb1+ 36.Qe1 Qxb2
37.Rae3 Qxd4 38.Rxe6 Rxe6 39.Rxe6 Nc3 40.Re8+ Kh7 41.Kg1 Rh6 42.Kg2 Ne4 43.Nxe4 dxe4
44.Rxe4 Qd5 45.Kf2 Rh2+ 46.Ke3 Qb3+ 47.Kd4 Rh6 48.f5 Rd6+ 49.Ke5 Rd1 50.Qe3 Qd5+  0-1

[Event "Spring op"]
[Site "Budapest"]
[Date "1993.??.??"]
[Round "8"]
[White "Kranzl, Peter"]
[Black "Kopjonkin, Gennady"]
[Result "0-1"]
[WhiteElo "2310"]
[BlackElo "2325"]

1.e4 c5 2.c3 Nf6 3.e5 Nd5 4.d4 cxd4 5.Qxd4 e6 6.Nf3 Nc6 7.Qe4 d6 8.Nbd2 dxe5
9.Nxe5 Nxe5 10.Qxe5 Nf6 11.Bb5+ Bd7 12.O-O Bxb5 13.Qxb5+ Qd7 14.Qxd7+ Nxd7
15.Nf3 Bc5 16.Re1 Ke7 17.Be3 Rhd8 18.Nd4 Rac8 19.Bg5+ Nf6 20.Nb3 Bb6 21.Kf1 Rd5
22.Be3 Bxe3 23.Rxe3 Ng4 24.Rg3 h5 25.h3 Nf6 26.Ke2 Rcd8 27.c4 Rf5 28.Rf3 Rg5
29.g3 Ne4 30.Rd1 Rc8 31.Rc1 f5 32.Nd4 h4 33.gxh4 Rh5 34.Ra3 Rxh4 35.Nf3 Rxh3
36.Rxa7 Rc7 37.Ne5 Kf6 38.Ra5 Rh2 39.Nd3 g5 40.Ra8 g4 41.Rf8+ Kg7 42.Rd8 g3
43.Kf3 gxf2 44.Nf4 Kf7 45.b3 e5 46.Ng2 Rh3+ 47.Ke2 f4 48.Nxf4 exf4  0-1

[Event "Budapest FS12 IM-A"]
[Site "Budapest"]
[Date "1993.??.??"]
[Round "11"]
[White "Acs, Peter"]
[Black "Schneider, Attila"]
[Result "1-0"]
[WhiteElo "2245"]
[BlackElo "2390"]

1.e4 c5 2.c3 Nf6 3.e5 Nd5 4.d4 cxd4 5.Nf3 d6 6.cxd4 Nc6 7.Nc3 dxe5 8.Nxe5 Nxc3
9.Nxc6 Nxd1 10.Nxd8 Kxd8 11.Kxd1 Be6 12.Bd3 Bd5 13.f3 e6 14.Ke2 Bd6 15.Be4 Kd7
16.Bxd5 exd5 17.Kd3 h5 18.Bd2 Rag8 19.h3 Re8 20.Rae1 Bg3 21.Rxe8 Rxe8 22.Rc1 b6
23.b3 Re6 24.Rc2 f5 25.Bb4 Rg6 26.Re2 Bc7 27.Ba3 f4 28.Bb4 Rg5 29.Ba3 Rf5
30.Re7+ Kc6 31.Rxg7 a6 32.h4 Rf6 33.Rg5 Rh6 34.Bf8 Re6 35.Kd2 Re8 36.Rg6+ Kd7
37.Bh6 Bd6 38.Rg7+ Kc8 39.Kd1 Bb4 40.Bxf4 Re1+ 41.Kc2 Re2+ 42.Kd3 Rxa2 43.g4 Rf2
44.Be3 Rxf3 45.gxh5 Bf8 46.Rg6 Kb7 47.h6 Rf7 48.Rg8  1-0

[Event "Budapest FS04 IM"]
[Site "Budapest"]
[Date "1993.??.??"]
[Round "11"]
[White "Sziva, Erika"]
[Black "Farago, Sandor"]
[Result "0-1"]
[WhiteElo "2235"]
[BlackElo "2340"]

1.e4 c5 2.c3 Nf6 3.e5 Nd5 4.d4 cxd4 5.Nf3 e6 6.cxd4 d6 7.a3 Nc6 8.Bd3 Be7
9.O-O O-O 10.Qe2 g6 11.Bh6 Re8 12.Nbd2 dxe5 13.dxe5 Bf8 14.Bxf8 Rxf8 15.Bc4 Nce7
16.Rfd1 Bd7 17.Ne4 Bc6 18.Qd2 Kg7 19.Nf6 h6 20.h4 Qb6 21.h5 Rad8 22.hxg6 fxg6
23.Nd4 Nc7 24.Qc3 Bd5 25.Rac1 Bxc4 26.Qxc4 Ncd5 27.Nxd5 Rxd5 28.Nf3 Qxb2
29.Rb1 Rxd1+ 30.Rxd1 Nd5 31.Qa4 Qb6 32.Qc2 Rf7 33.Rb1 Qd8 34.Nd4 Nf4 35.Qe4 Qxd4  0-1

[Event "Wch U20 Girls"]
[Site "Buenos Aires"]
[Date "1993.??.??"]
[Round "?"]
[White "Ambats, Jessica"]
[Black "Quinones, Jeannette"]
[Result "1/2-1/2"]
[WhiteElo "2090"]
[BlackElo "2135"]

1.e4 c5 2.c3 Nf6 3.e5 Nd5 4.d4 cxd4 5.cxd4 d6 6.Nf3 Bg4 7.Bc4 dxe5 8.dxe5 e6
9.Qa4+ Nc6 10.Bxd5 Bb4+ 11.Nc3 Qxd5 12.O-O Bxc3 13.Qxg4 Bxe5 14.Nxe5 Qxe5
15.Bf4 Qf6 16.Rad1 O-O 17.b3 Ne7 18.Rd7 Nd5 19.Bg3 b6 20.Re1 Qc3 21.Qe2 Rfd8
22.Rxd8+ Rxd8 23.Be5 Qc6 24.Qg4 f6 25.Bb2 e5 26.Rc1 Qd7 27.Qc4 Kf7 28.Rd1 Qe6
29.Ba3 g6 30.Qh4 Kg7 31.Qa4 Qf7 32.Qa6 Nc7 33.Qe2 Rxd1+ 34.Qxd1 Qd5 35.Qc2 Nb5
36.Bb2 Kf7 37.h3 Ke6 38.Qc8+ Qd7 39.Qc4+ Qd5 40.Qc8+ Qd7 41.Qc4+ Qd5 42.Qc8+  1/2-1/2

[Event "Wch U20 Girls"]
[Site "Buenos Aires"]
[Date "1993.??.??"]
[Round "?"]
[White "Holoubkova, Martina"]
[Black "Djeno, Mara"]
[Result "0-1"]
[WhiteElo "2235"]
[BlackElo "2160"]

1.e4 c5 2.c3 Nf6 3.e5 Nd5 4.d4 cxd4 5.Nf3 e6 6.cxd4 Be7 7.a3 b6 8.Bd3 d6
9.O-O O-O 10.Qe2 Re8 11.Bd2 a5 12.Qe4 g6 13.Nc3 Bb7 14.exd6 Bxd6 15.Bg5 Be7
16.Bh6 Nd7 17.Nb5 Rb8 18.Qe2 Bf8 19.Bg5 Be7 20.Bd2 Ba6 21.Rac1 Rc8 22.Ne5 Rxc1
23.Rxc1 Nxe5 24.Qxe5 Bf6 25.Qg3 Rf8 26.Bh6 Bg7 27.Bxg7 Kxg7 28.Qe5+ Kg8 29.Bf1 Qd7
30.Nc7 Bxf1 31.Nxd5 exd5 32.Rxf1 Re8 33.Qf4 Qb5 34.Qc1 Re2 35.b4 axb4 36.Qb1 b3
37.g3 b2 38.Kg2 Qc4 39.Qd1 Rc2 40.Re1 Rc1  0-1